01504nam a2200289 4500999001900000005001700019008004100036020004700077020004100124050002500165100001700190245022200207246002100429250001100450260007300461300002300534490006100557490006000618490006200678500010000740600004300840600005800883600004500941650006900986942001301055952014601068 c138453d13845120180710093239.0180221b sp ||||| |||| 00| 0 spa d a9788484892939 (Iberoamericana : rústica) a9783865273178 (Vervuert : rústica)04aPQ7207.H5 bS49 20071 aSeydel, Ute.10aNarrar historia(s) :bla ficcionalizacion de temas históricos por las escritoras mexicanas Elena Garro, Rosa Beltrán y Carmen Boullosa (un acercamiento transdisciplinario a la ficción histórica) c/ Ute Seydel30aNarrar historias a1a ed. aMadrid :aFrankfurt am Main :bIberoamericana ; bVervuert, c2007. a540 p. ; c23 cm.  aTeoria y critica de la cultura y literatura v ; v. 37  aTheorie und Kritik der Kultur und Literatur v ; v. 37  aTheory and criticism of culture and literature v ; v. 37 aNota : Presentado originalmente como tesis del autor (doctoral -- Universität Potsdam, 2004)1 aGarro, Elena. tRecuerdos del porvenir1 aBeltrán, Rosa, d[1960- ]tCorte de los ilusos1 aBoullosa, Carmen,d[1954- ] tDuerme 72LEMBaNovela histórica mexicana xHistoria y criticaySiglo XX 2lcccLIB 102lcc4070aINV-033bINV-033cGENERALd2018-02-21f1a ed.iHkEHoPQ7207.H5 S49 2007pIIH000016011r2018-02-21 00:00:00tC:1yLIBzGENERAL